Statistics for WWE - Chris Jericho's PPV Opponents

Click here to take the quiz!

General Stats

  • This quiz has been taken 478 times
  • The average score is 174 of 230

Answer Stats

YearEventMatch TypeOpponent% Correct
2008No Way OutElimination Chamber MatchTriple H
98%
2000Fully LoadedLast Man Standing MatchTriple H
98%
2002Judgment DayHell in a Cell MatchTriple H
98%
2002WrestleMania X8Triple H
98%
2003SummerSlamElimination Chamber MatchTriple H
98%
2004Survivor Series4 vs. 4 Elimination MatchTriple H
98%
2005New Year's RevolutionElimination Chamber MatchTriple H
98%
2009Bragging RightsRaw vs. Smackdown 7 vs. 7 Tag Team MatchTriple H
98%
2009TLCTag Team TLC MatchTriple H
98%
2002Survivor SeriesElimination Chamber MatchTriple H
98%
2001Judgment DayTag Team Turmoil Final MatchEdge
95%
2010Extreme RulesSteel Cage MatchEdge
95%
2010WrestleMania XXVIEdge
95%
2005New Year's RevolutionElimination Chamber MatchEdge
95%
2009No Way OutElimination Chamber MatchEdge
95%
2004Survivor Series4 vs. 4 Elimination MatchEdge
95%
2010Night of Champions6-Pack Challenge MatchEdge
95%
2004SummerSlamTriple Threat MatchEdge
95%
2009No Way OutElimination Chamber MatchKane
95%
2013Elimination ChamberElimination Chamber MatchKane
95%
2008Unforgiven5-Man Championship Scramble MatchKane
95%
2000ArmageddonLast Man Standing MatchKane
95%
2000RebellionKane
95%
2000Survivor SeriesKane
95%
2002Survivor SeriesElimination Chamber MatchKane
95%
2014Night of ChampionsRandy Orton
95%
2016Survivor SeriesRaw vs. Smackdown 5 vs. 5 Elimination MatchRandy Orton
95%
2013Elimination ChamberElimination Chamber MatchRandy Orton
95%
2005New Year's RevolutionElimination Chamber MatchRandy Orton
95%
2007ArmageddonRandy Orton
95%
2003SummerSlamElimination Chamber MatchRandy Orton
95%
2010Night of Champions6-Pack Challenge MatchRandy Orton
95%
2012Over the LimitFatal 4-Way MatchRandy Orton
95%
2001No MercyThe Rock
94%
2001VengeanceThe Rock
94%
2002Royal RumbleThe Rock
94%
2010Night of Champions6-Pack Challenge MatchJohn Cena
93%
2005SummerSlamJohn Cena
93%
2005VengeanceTriple Threat MatchJohn Cena
93%
2002VengeanceJohn Cena
93%
2008Survivor SeriesJohn Cena
93%
2008ArmageddonJohn Cena
93%
2009No Way OutElimination Chamber MatchJohn Cena
93%
2008The Great American BashShawn Michaels
93%
2003WrestleMania XIXShawn Michaels
93%
2003Backlash6-Man Tag Team MatchShawn Michaels
93%
2009TLCTag Team TLC MatchShawn Michaels
93%
2003Survivor Series5 vs. 5 Elimination MatchShawn Michaels
93%
2003SummerSlamElimination Chamber MatchShawn Michaels
93%
2008Judgment DayShawn Michaels
93%
2009Bragging RightsRaw vs. Smackdown 7 vs. 7 Tag Team MatchShawn Michaels
93%
2008No MercyLadder MatchShawn Michaels
93%
2002Survivor SeriesElimination Chamber MatchShawn Michaels
93%
2008UnforgivenUnsanctioned MatchShawn Michaels
93%
2008No Way OutElimination Chamber MatchShawn Michaels
93%
2009Survivor SeriesTriple Threat MatchThe Undertaker
91%
2010Elimination ChamberElimination Chamber MatchThe Undertaker
91%
2017WrestleMania 33Kevin Owens
90%
2017PaybackKevin Owens
90%
2001VengeanceStone Cold Steve Austin
90%
2002No Way OutStone Cold Steve Austin
90%
2001King of the RingTriple Threat MatchStone Cold Steve Austin
90%
2001Survivor Series5 vs. 5 Elimination MatchStone Cold Steve Austin
90%
2009Bragging RightsRaw vs. Smackdown 7 vs. 7 Tag Team MatchThe Big Show
90%
2009Survivor SeriesTriple Threat MatchThe Big Show
90%
2004Backlash2-on-1 Mixed Handicap MatchChristian
89%
2004WrestleMania XXChristian
89%
2005VengeanceTriple Threat MatchChristian
89%
2001Judgment DayTag Team Turmoil Final MatchChristian
89%
2003UnforgivenTriple Threat MatchChristian
89%
2004UnforgivenLadder MatchChristian
89%
2000King of the RingKOTR Quarter-Final MatchKurt Angle
89%
2001RebellionKurt Angle
89%
2000WrestleMania 16Triple Threat, Two-Fall MatchKurt Angle
89%
2000No Way OutKurt Angle
89%
2001Survivor Series5 vs. 5 Elimination MatchKurt Angle
89%
2009The BashMask vs Title MatchRey Mysterio
89%
2009Extreme RulesNo Holds Barred MatchRey Mysterio
89%
2009Judgment DayRey Mysterio
89%
2009No Way OutElimination Chamber MatchRey Mysterio
89%
2010Elimination ChamberElimination Chamber MatchRey Mysterio
89%
2008Unforgiven5-Man Championship Scramble MatchRey Mysterio
89%
2009Hell in a CellTag Team MatchRey Mysterio
89%
2012Elimination ChamberElimination Chamber MatchCM Punk
88%
2012WrestleMania XVIIICM Punk
88%
2010Elimination ChamberElimination Chamber MatchCM Punk
88%
2013PaybackCM Punk
88%
2012Extreme RulesChicago Street FightCM Punk
88%
2016PaybackDean Ambrose
87%
2016Extreme RulesAsylum MatchDean Ambrose
87%
2016Survivor SeriesRaw vs. Smackdown 5 vs. 5 Elimination MatchDean Ambrose
87%
2001King of the RingTriple Threat MatchChris Benoit
86%
2000BacklashChris Benoit
86%
2000SummerSlamBest 2 out of 3 Falls MatchChris Benoit
86%
2001No Way OutFatal 4-Way MatchChris Benoit
86%
2000Judgment DaySubmission MatchChris Benoit
86%
2000WrestleMania 16Triple Threat, Two-Fall MatchChris Benoit
86%
2005New Year's RevolutionElimination Chamber MatchChris Benoit
86%
2001Royal RumbleLadder MatchChris Benoit
86%
2003No Way OutJeff Hardy
86%
2008No Way OutElimination Chamber MatchJeff Hardy
86%
2004SummerSlamTriple Threat MatchBatista
85%
2008Cyber SundayBatista
85%
2009Hell in a CellTag Team MatchBatista
85%
2004Survivor Series4 vs. 4 Elimination MatchBatista
85%
2004VengeanceBatista
85%
2008Unforgiven5-Man Championship Scramble MatchBatista
85%
2005New Year's RevolutionElimination Chamber MatchBatista
85%
2016Roadblock: End of the LineSeth Rollins
84%
2012Elimination ChamberElimination Chamber MatchThe Miz
82%
2000InsurrextionEddie Guerrero
81%
2001No Way OutFatal 4-Way MatchEddie Guerrero
81%
2001UnforgivenHardcore MatchRob Van Dam
81%
2003Survivor Series5 vs. 5 Elimination MatchRob Van Dam
81%
2002King of the RingKOTR Semi-Finals MatchRob Van Dam
81%
2001Survivor Series5 vs. 5 Elimination MatchRob Van Dam
81%
2002Survivor SeriesElimination Chamber MatchRob Van Dam
81%
2003UnforgivenTriple Threat MatchRob Van Dam
81%
2016Survivor SeriesRaw vs. Smackdown 5 vs. 5 Elimination MatchShane McMahon
81%
2001Survivor Series5 vs. 5 Elimination MatchShane McMahon
81%
2016WrestleMania 32AJ Styles
79%
2016FastlaneAJ Styles
79%
2016Survivor SeriesRaw vs. Smackdown 5 vs. 5 Elimination MatchAJ Styles
79%
2002Armageddon4-Team Elimination MatchBooker T
78%
2003Backlash6-Man Tag Team MatchBooker T
78%
2001Survivor Series5 vs. 5 Elimination MatchBooker T
78%
2003Survivor Series5 vs. 5 Elimination MatchBooker T
78%
2002No MercyTag Team MatchBooker T
78%
2001Invasion5 vs. 5 Inaugural BrawlBooker T
78%
2002Survivor SeriesElimination Chamber MatchBooker T
78%
2010Night of Champions6-Pack Challenge MatchSheamus
77%
2012Over the LimitFatal 4-Way MatchSheamus
77%
2003SummerSlamElimination Chamber MatchGoldberg
76%
2003Bad BloodGoldberg
76%
2015Night of Champions6-Man Tag Team MatchBray Wyatt
75%
2016Survivor SeriesRaw vs. Smackdown 5 vs. 5 Elimination MatchBray Wyatt
75%
2014SummerSlamBray Wyatt
75%
2014BattlegroundBray Wyatt
75%
2010Night of Champions6-Pack Challenge MatchWade Barrett
75%
2010SummerSlam7 vs. 7 Elimination MatchWade Barrett
75%
2009Bragging RightsRaw vs. Smackdown 7 vs. 7 Tag Team MatchKofi Kingston
74%
2012Elimination ChamberElimination Chamber MatchKofi Kingston
74%
2008Night of ChampionsKofi Kingston
74%
2013Elimination ChamberElimination Chamber MatchDaniel Bryan
73%
2010SummerSlam7 vs. 7 Elimination MatchSkip Sheffield
73%
2012SummerSlamDolph Ziggler
71%
2012Elimination ChamberElimination Chamber MatchDolph Ziggler
71%
2013Elimination ChamberElimination Chamber MatchMark Henry
71%
2009Breaking PointTag Team MatchMark Henry
71%
2009Bragging RightsRaw vs. Smackdown 7 vs. 7 Tag Team MatchMark Henry
71%
2002Armageddon4-Team Elimination MatchBubba Ray Dudley
70%
2003Survivor Series5 vs. 5 Elimination MatchBubba Ray Dudley
70%
2001Invasion5 vs. 5 Inaugural BrawlBubba Ray Dudley
70%
2002Armageddon4-Team Elimination MatchD-Von Dudley
70%
2003Survivor Series5 vs. 5 Elimination MatchD-Von Dudley
70%
2001Invasion5 vs. 5 Inaugural BrawlD-Von Dudley
70%
2015Night of Champions6-Man Tag Team MatchLuke Harper
69%
2002SummerSlamRic Flair
69%
2002UnforgivenRic Flair
69%
2013Money in the BankRyback
67%
2015Night of Champions6-Man Tag Team MatchBraun Strowman
66%
2008Unforgiven5-Man Championship Scramble MatchJohn Bradshaw Layfield
66%
2008Royal RumbleJohn Bradshaw Layfield
66%
2008No Way OutElimination Chamber MatchJohn Bradshaw Layfield
66%
2010SummerSlam7 vs. 7 Elimination MatchHeath Slater
65%
2012Over the LimitFatal 4-Way MatchAlberto Del Rio
64%
2000Royal RumbleTriple Threat MatchChyna
63%
1999Survivor SeriesChyna
63%
1999ArmageddonChyna
63%
2010SummerSlam7 vs. 7 Elimination MatchDavid Otunga
63%
2010Elimination ChamberElimination Chamber MatchJohn Morrison
63%
2010SummerSlam7 vs. 7 Elimination MatchJustin Gabriel
63%
2009Bragging RightsRaw vs. Smackdown 7 vs. 7 Tag Team MatchCody Rhodes
61%
2009Night of ChampionsTag Team MatchCody Rhodes
61%
2009The Bash3-Team MatchCody Rhodes
61%
2013Extreme RulesFandango
61%
2013WrestleMania 29Fandango
61%
2004Taboo TuesdayShelton Benjamin
61%
2005BacklashShelton Benjamin
61%
2001WrestleMania X-SevenWilliam Regal
60%
2001BacklashDuchess Of Queensbury Rules MatchWilliam Regal
60%
2001InsurrextionWilliam Regal
60%
2002Armageddon4-Team Elimination MatchWilliam Regal
60%
2003SummerSlamElimination Chamber MatchKevin Nash
59%
2003Backlash6-Man Tag Team MatchKevin Nash
59%
2012Elimination ChamberElimination Chamber MatchR-Truth
59%
2010Elimination ChamberElimination Chamber MatchR-Truth
59%
2013Elimination ChamberElimination Chamber MatchJack Swagger
57%
2009Bragging RightsRaw vs. Smackdown 7 vs. 7 Tag Team MatchJack Swagger
57%
2010SummerSlam7 vs. 7 Elimination MatchDarren Young
56%
2016Clash of ChampionsSami Zayn
56%
2001No Way OutFatal 4-Way MatchX-Pac
56%
2000No MercySteel Cage MatchX-Pac
56%
2000UnforgivenX-Pac
56%
2001Judgment DayTag Team Turmoil MatchX-Pac
56%
1999UnforgivenX-Pac
56%
2002No MercyTag Team MatchGoldust
55%
2002Armageddon4-Team Elimination MatchGoldust
55%
1999RebellionRoad Dogg
55%
2009Night of ChampionsTag Team MatchTed DiBiase
53%
2009The Bash3-Team MatchTed DiBiase
53%
2008No Way OutElimination Chamber MatchUmaga
53%
2009The Bash3-Team MatchCarlito
52%
2009Breaking PointTag Team MatchMVP
52%
2009WrestleMania XXV3-on-1 Handicap MatchRoddy Piper
52%
2003ArmageddonBattle of the Sexes MatchTrish Stratus
51%
2004Backlash2-on-1 Mixed Handicap MatchTrish Stratus
51%
2010SummerSlam7 vs. 7 Elimination MatchMichael Tarver
50%
2001SummerSlamRhyno
50%
2001Invasion5 vs. 5 Inaugural BrawlRhyno
50%
2009BacklashRicky Steamboat
50%
2009WrestleMania XXV3-on-1 Handicap MatchRicky Steamboat
50%
2009WrestleMania XXV3-on-1 Handicap MatchJimmy Snuka
49%
2000Royal RumbleTriple Threat MatchHardcore Holly
48%
2002Armageddon4-Team Elimination MatchLance Storm
46%
2005ECW One Night StandLance Storm
46%
2003ArmageddonBattle of the Sexes MatchLita
46%
2001Invasion5 vs. 5 Inaugural BrawlDiamond Dallas Page
43%
2016SummerSlamTag Team MatchBig Cass
35%
2016SummerSlamTag Team MatchEnzo Amore
35%
2009No Way OutElimination Chamber MatchMike Knox
34%
2010Fatal 4-WayEvan Bourne
33%
2009The Bash3-Team MatchPrimo
33%
2009SummerSlamTag Team MatchJTG
30%
2009SummerSlamTag Team MatchShad Gaspard
28%
2004Survivor Series4 vs. 4 Elimination MatchGene Snitsky
27%
2010Over the LimitTag Team MatchTyson Kidd
27%
2010Over the LimitTag Team MatchDavid Hart Smith
24%
2001Judgment DayTag Team Turmoil MatchJustin Credible
23%
2004Bad BloodTyson Tomko
19%

Score Distribution

Percentile by Number Answered

Percent of People with Each Score

Your Score History

You have not taken this quiz